Fundamental concepts of mathematics

Αποθηκεύτηκε σε:
Λεπτομέρειες βιβλιογραφικής εγγραφής
Κύριος συγγραφέας: Goodstein, R. L. (Reuben Louis)
Μορφή: Βιβλίο
Γλώσσα:English
Δημοσίευση: Oxford : New York : Pergamon Press, 1979
Έκδοση:2d ed
Σειρά:International series in pure and applied mathematics ; ; 107
Θέματα:
Ετικέτες: Προσθήκη ετικέτας
Δεν υπάρχουν, Καταχωρήστε ετικέτα πρώτοι!

MARC

LEADER 00000cam a2200000 i 4500
001 1/59203
008 941103s1979 eng d
020 |a 008021665X  |c Ή15.00 ($30.00) 
020 |a 0080216668 
035 |l 10046040 
035 |a 1988 
040 |a GR-MY-UA  |b gre  |e aacr 
041 0 |a eng 
082 0 |a 510 
100 1 |a Goodstein, R. L.  |q (Reuben Louis) 
245 1 0 |a Fundamental concepts of mathematics /  |c by R. L. Goodstein 
250 |a 2d ed 
260 |a Oxford :   |a New York :   |b Pergamon Press,   |c 1979 
300 |a ix, 323 p.;  |b ill.;  |c 22 cm 
490 1 |a International series in pure and applied mathematics  |v ; 107 
504 |a Includes bibliographical references and index 
650 0 0 |a Mathematics. 
830 0 |a International series in pure and applied mathematics ;  |v ; 107 
852 |a INST  |b SAMOS  |e 19941103  |h 510 GOO  |p 005300001973  |q 005300001973  |t BK  |y 0 
909 |a Σ  |b 009653